000 00781nam a2200241 a 4500
003 OSt
005 20131108164601.0
008 131108s1976 sz ||||| |||| 00| 0 eng d
020 _a92-4-120596-2
040 _cBiblioteca Medicina
041 _aeng
082 _aOMS WA 525
110 _aOrganizacion Mundial de la Salud
_91006
245 0 0 _aApplication of Systems Analysis to Health Management. Report of a WHO Expert Committee
250 _a1° ed.
260 _aGinebra
_bOrganizacion Mundial de la Salud
_c1976
300 _a69 p.
440 0 0 _aInformes Tecnicos 596
_92837
546 _aTexto en ingles
653 _aANALISIS DE SISTEMAS
942 _2ddc
_cPH
999 _c2055
_d2055
952 _pH0306
_40
_00
_bBFM
_10
_oOMS WA 525
_d2013-11-08
_tEj. 1
_8NFIC
_70
_cCR
_2ddc
_yPH
_aBFM